LEADER 01081nam1-2200361li-450- 001 990000139460203316 005 20060531112020.0 035 $a0013946 035 $aUSA010013946 035 $a(ALEPH)000013946USA01 035 $a0013946 100 $a19961205h1999----km-y0itay50------ba 101 $aeng 102 $aUS 105 $a||||||||001yy 200 1 $aApplied process design for chemical and petrochemical plants$fErnest E. Ludwig 210 $aWoburn$cButterworth-Heinemann$dcopyr. 1999 215 $av.$cill.$d28 cm 606 0 $aImpianti chimici 676 $a660.28 912 $a990000139460203316 951 $a660.28 LUD$bL.M.$c660 959 $aBK 969 $aTEC 979 $c19961205 979 $c20001110$lUSA01$h1711 979 $c20020403$lUSA01$h1621 979 $aPATRY$b90$c20040406$lUSA01$h1610 979 $aPAOLA$b90$c20060531$lUSA01$h1119 979 $aPAOLA$b90$c20060531$lUSA01$h1119 979 $aPAOLA$b90$c20060531$lUSA01$h1120 996 $aApplied process design for chemical and petrochemical plants$9881321 997 $aUNISA LEADER 00955nam0-2200313 --450 001 9910720694303321 005 20240313092544.0 010 $a978-88-351-0607-4 100 $a20230529d2021----kmuy0itay5050 ba 101 0 $aita 102 $aIT 105 $a 001yy 200 1 $a#Fintech expert$econtro il logorio della banca moderna$fFabrizio Villani, Giancarlo Giudici$gprefazione di Alessandra Perrazzelli 210 $aMilano$cAngeli$d2021 215 $a166 p.$d22 cm 225 1 $aProfessioni digitali$v24 676 $a332.02855758$v23$zita 700 1$aVillani,$bFabrizio$01357868 701 1$aGiudici,$bGiancarlo$0147072 702 1$aPerrazzelli,$bAlessandra 801 0$aIT$bUNINA$gREICAT$2UNIMARC 901 $aBK 912 $a9910720694303321 952 $aVIII L 564$b2022/458$fFGBC 952 $aCollez. 3277 (24)$b921/2024$fFSPBC 959 $aFGBC 959 $aFSPBC 996 $aFintech expert$93364768 997 $aUNINA